Statistics for TV Character to Actor #1

Click here to take the quiz!

General Stats

  • This quiz has been taken 8,523 times
  • The average score is 12 of 22

Answer Stats

CharacterActor% Correct
Phoebe BuffayLisa Kudrow
72%
Carrie BradshawSarah Jessica Parker
71%
Jean-Luc PicardPatrick Stewart
69%
Heathcliff HuxtableBill Cosby
68%
Jack BauerKiefer Sutherland
66%
Dr. HouseHugh Laurie
64%
Barney StinsonNeil Patrick Harris
63%
The FonzHenry Winkler
60%
Charlie HarperCharlie Sheen
58%
Fox MulderDavid Duchovny
55%
Thomas MagnumTom Selleck
53%
Ally McBealCalista Flockhart
50%
Liz LemonTina Fey
50%
Walter WhiteBryan Cranston
49%
Tony SopranoJames Gandolfini
48%
George CostanzaJason Alexander
46%
Raymond BaroneRay Romano
45%
Ricky RicardoDesi Arnaz
40%
Steve UrkelJaleel White
35%
Tyrion LannisterPeter Dinklage
35%
Leslie KnopeAmy Poehler
32%
Brandon WalshJason Priestly
25%

Score Distribution

Percentile by Number Answered

Percent of People with Each Score

Your Score History

You have not taken this quiz